Taʼīyat ʻĀmir ibn ʻĀmir al Baṣrī /

محفوظ في:

المؤلف الرئيسي: ʻĀmir ibn ʻĀmir al-Baṣrī (مؤلف)

مؤلفون آخرون: Maghribī, ʻAbd al-Qādir, 1867-1956.

التنسيق: كتاب

اللغة: Arabic

منشور في: Dimashq : [publisher not identified], 1948.

الموضوعات:

الوسوم: إضافة وسم

لا توجد وسوم, كن أول من يضع وسما على هذه التسجيلة!

رقم الطلب: BP189 .A4295 1948

LEADER 01357nam a2200253Ia 4500
003 OSt
005 20230130083359.0
008 130303s1948 sy h g b 000 0 ara d
952 |0 0  |1 0  |2 lcc  |4 0  |6 BP0189 A4295 01948  |7 1  |9 45420  |a ARCE  |b ARCE  |d 2023-01-30  |l 0  |o BP189 .A4295 1948  |p 1024518  |r 2023-01-30 00:00:00  |w 2023-01-30  |y BK 
999 |c 26790  |d 26790 
040 |c ARCE Library 
050 4 |a BP189 .A4295 1948 
100 0 |6 880-01  |a ʻĀmir ibn ʻĀmir al-Baṣrī,  |e author 
245 1 0 |6 880-02  |a Taʼīyat ʻĀmir ibn ʻĀmir al Baṣrī /   |c ʻuniya bi-nashrihā wa-sharhịhā wa-taʻlīq hạwāshīhā ʻAbd al-Qādir al-Maghribī. 
264 1 |a Dimashq :   |b [publisher not identified],   |c 1948. 
300 |a 7, 103 pages :   |b facsimiles ;   |c 26 cm. 
500 |a At head of title : al-Maʻhad al-Faransī bi-Dimashq lil-Dirāsāt al-ʻArabīyah. 
504 |a Includes bibliographical references: (p. 101). 
650 0 |a Mysticism  |x Islam. 
700 1 |a Maghribī, ʻAbd al-Qādir,  |d 1867-1956. 
880 1 |6 100-01/(3/r  |a عامر بن عامر البصري 
880 1 0 |6 245-02/(3/r  |a تائية عامر بن عامر البصري   |c عني بنشرها و شرحها و تعليق حواشيها عبد القادر المغربي.‪‪‪‪‪‪‪‪‪‪‪‪‪‪‪‪‪‪‪‪‪‪‪‪‪‪‪‪‪‪‪‪‪ 
901 |a reviewed 
942 |c BK  |2 lcc